| 000 | 00778nam a22002297a 4500 | ||
|---|---|---|---|
| 003 | OSt | ||
| 005 | 20251008012617.0 | ||
| 008 | 251008b |||||||| |||| 00| 0 eng d | ||
| 020 | _a0-13-220904-7 | ||
| 040 |
_aDWCL-Admin lib _cOC |
||
| 082 | _aCirc. 610.737 B366p 2007 | ||
| 100 | _aBeaman, Nina | ||
| 245 |
_aPearson's administrative medical assisting : volume 1 : administrative competencies _cNina Beaman |
||
| 260 |
_aN.J. : _bPearson Education , Inc. , _cc2007 |
||
| 300 |
_axviii (various paging) : ill. _b(some col.) ; _c28 cm + 1CD-ROM |
||
| 504 | _aIncludes index. | ||
| 650 | _a1. Medical assstants. | ||
| 650 | _a2. Medical offices-Management | ||
| 650 | _a3. Medical secretaries. | ||
| 700 | _aFleming-Mcphillips, Lorraine | ||
| 942 |
_2ddc _cBK-CIRC _kCirc. _n0 |
||
| 999 |
_c4691 _d4691 |
||